[Event "Online Olym Div2 B"]
[Site "Chess.com INT"]
[Date "2021.09.03"]
[Round "5.4"]
[White "Viikmaa, Karmen"]
[Black "Froewis, Annika"]
[Result "0-1"]
[WhiteElo "1720"]
[BlackElo "2077"]
[PlyCount "100"]
[EventDate "2021.09.02"]
[EventType "team (rapid)"]
[EventRounds "9"]
[EventCountry "USA"]
[SourceTitle "CBM 204 Extra"]
[Source "ChessBase"]
[SourceDate "2021.11.30"]
[SourceVersion "1"]
[SourceVersionDate "2021.11.30"]
[SourceQuality "1"]
[WhiteTeam "Estonia"]
[BlackTeam "Austria"]
[WhiteTeamCountry "EST"]
[BlackTeamCountry "AUT"]

1. Nf3 d5 2. g3 Nf6 3. Bg2 e6 4. d3 c5 5. 0-0 Nc6 6. Nbd2 b5 7. e4 Be7 8. c3 0-0 9. Re1 Bb7 10. Qe2 a5 11. a3 b4 12. axb4 axb4 13. Rxa8 Qxa8 14. Nf1 dxe4 15. dxe4 Nxe4 16. Qc2 Nf6 17. Ne3 Rd8 18. h4 h6 19. Nd2 Na5 20. cxb4 cxb4 21. Qc7 Bd6 22. Qc2 Bxg2 23. Nxg2 Rc8 24. Qa4 Nb7 25. Qb5 Rc5 26. Qd3 Qc8 27. Nb3 Rd5 28. Qf3 Rf5 29. Qd3 Ng4 30. Be3 Ne5 31. Qe2 Nf3+ 32. Kh1 Nxe1 33. Nxe1 Qc6+ 34. Kh2 Nc5 35. Nd4 Qe4 36. Nxf5 exf5 37. Nf3 f4 38. gxf4 Bxf4+ 39. Kg2 Nd3 40. Qd2 Bxe3 41. fxe3 Ne5 42. Qe2 g5 43. hxg5 hxg5 44. Kg3 Qg4+ 45. Kf2 Qxf3+ 46. Qxf3 Nxf3 47. Kxf3 f5 48. e4 f4 49. Kg4 Kf7 50. Kxg5 f3 0-1

[Event "Online Olym Div2 C"]
[Site "Chess.com INT"]
[Date "2020.08.16"]
[Round "7.3"]
[White "Viikmaa, Karmen"]
[Black "Boshra, Alshaeby"]
[Result "1-0"]
[WhiteElo "1720"]
[BlackElo "2017"]
[PlyCount "171"]
[EventDate "2020.08.14"]
[EventType "team-tourn (rapid)"]
[EventRounds "9"]
[EventCountry "USA"]
[SourceTitle "CBM 198"]
[Source "ChessBase"]
[SourceDate "2020.10.31"]
[SourceVersion "1"]
[SourceVersionDate "2020.10.31"]
[SourceQuality "1"]
[WhiteTeam "Estonia"]
[BlackTeam "Jordan"]
[WhiteTeamCountry "EST"]
[BlackTeamCountry "JOR"]

1. Nf3 g6 2. g3 Bg7 3. Bg2 c5 4. 0-0 Nc6 5. d3 d6 6. e4 e5 7. c3 Nge7 8. Nbd2 0-0 9. a4 h6 10. Qe2 Be6 11. Re1 f5 12. Nc4 f4 13. Bd2 g5 14. h3 g4 15. hxg4 Bxg4 16. Kh2 Ng6 17. Rh1 Qf6 18. Raf1 Rf7 19. Bc1 Raf8 20. Ncd2 Nd8 21. Kg1 Ne6 22. Bh3 h5 23. Bxg4 hxg4 24. Nh2 f3 25. Qe3 Ngf4 26. Nxg4 Qg5 27. Rh4 Ne2+ 28. Kh2 Qxe3 29. Nxe3 Bf6 30. Rh5 Bg5 31. Ndc4 Rh7 32. Rxh7 Kxh7 33. Nxd6 Kg6 34. Kh3 b6 35. Ndf5 Nc7 36. Kg4 Rd8 37. Kxf3 Nxc1 38. Rxc1 Rxd3 39. Rd1 Rxd1 40. Nxd1 Ne6 41. Nd6 Bc1 42. Nc8 Ng5+ 43. Ke2 Nxe4 44. Nxa7 Nd6 45. Nc6 Nc4 46. b3 Nd6 47. Nxe5+ Kf5 48. Nd3 Bh6 49. Ne3+ Ke6 50. Ng4 Bg7 51. Kd2 Ne4+ 52. Ke3 Nxc3 53. Nf4+ Kd6 54. Nh5 Bd4+ 55. Kd3 Nd5 56. f4 Nb4+ 57. Kc4 Nc2 58. Nhf6 Ke6 59. Ne4 Kf5 60. Ngf2 Na3+ 61. Kd5 Nb1 62. Kc6 Be3 63. Nd6+ Ke6 64. Nfe4 Na3 65. Nc8 Kf5 66. Ned6+ Kg4 67. Nxb6 Kxg3 68. Nd5 Bg1 69. a5 Nc2 70. f5 Kg4 71. f6 Nd4+ 72. Kd7 Nf3 73. a6 Ne5+ 74. Ke6 Nc6 75. f7 Nd8+ 76. Ke7 Nxf7 77. Kxf7 c4 78. Nxc4 Kf5 79. Ke7 Ke4 80. Ndb6 Kd4 81. Kd7 Kc5 82. Kc7 Kb5 83. a7 Bh2+ 84. Kb7 Bd6 85. a8Q Bc5 86. Qa4# 1-0

[Event "Online Olym Div2 C"]
[Site "Chess.com INT"]
[Date "2020.08.15"]
[Round "6.3"]
[White "Calzetta Ruiz, Monica"]
[Black "Viikmaa, Karmen"]
[Result "1-0"]
[WhiteElo "2286"]
[BlackElo "1720"]
[PlyCount "45"]
[EventDate "2020.08.14"]
[EventType "team-tourn (rapid)"]
[EventRounds "9"]
[EventCountry "USA"]
[SourceTitle "CBM 198"]
[Source "ChessBase"]
[SourceDate "2020.10.31"]
[SourceVersion "1"]
[SourceVersionDate "2020.10.31"]
[SourceQuality "1"]
[WhiteTeam "Spain"]
[BlackTeam "Estonia"]
[WhiteTeamCountry "ESP"]
[BlackTeamCountry "EST"]

1. e4 c5 2. Nf3 Nc6 3. d4 cxd4 4. Nxd4 Qb6 5. Nb3 Nf6 6. Nc3 e6 7. Qe2 Bb4 8. Bd2 0-0 9. a3 Be7 10. g3 a5 11. Be3 Qc7 12. Bg2 a4 13. Nd2 Na5 14. 0-0 Rd8 15. Nxa4 Qxc2 16. Nb6 Rb8 17. Qb5 Nc6 18. Rfc1 Na7 19. Qe5 d6 20. Qd4 e5 21. Qb4 Qd3 22. Bf1 Nc6 23. Qa4 1-0

[Event "Orsha op"]
[Site "Orsha"]
[Date "2019.01.24"]
[Round "9"]
[White "Viikmaa, Karmen"]
[Black "Elkin, Leonid"]
[Result "0-1"]
[WhiteElo "1706"]
[BlackElo "2085"]
[PlyCount "64"]
[EventDate "2019.01.18"]
[EventType "swiss"]
[EventRounds "9"]
[EventCountry "BLR"]
[SourceTitle "CBM 188 Extra"]
[Source "ChessBase"]
[SourceDate "2019.02.26"]
[SourceVersion "1"]
[SourceVersionDate "2019.02.26"]
[SourceQuality "1"]

1. Nf3 Nf6 2. g3 c5 3. Bg2 Nc6 4. d3 d5 5. 0-0 e5 6. c4 d4 7. Nbd2 Be7 8. a3 a5 9. Re1 0-0 10. Ng5 Nd7 11. h4 Bxg5 12. hxg5 Qxg5 13. Bf3 Qe7 14. Kg2 f5 15. Bd5+ Kh8 16. Nf3 e4 17. Ng5 e3 18. Ne6 Rf6 19. Nc7 Rb8 20. Rh1 Nde5 21. Nb5 Ng4 22. fxe3 dxe3 23. Rh4 Nf2 24. Qe1 f4 25. Rxf4 Rxf4 26. gxf4 Bh3+ 27. Kg3 Rf8 28. Bf3 Rf6 29. Kh2 Rg6 30. Bxe3 Qxe3 31. Qc1 Qe7 32. Qe1 Qh4 0-1

[Event "Keres Memorial rap 27th"]
[Site "Tallinn"]
[Date "2018.01.13"]
[Round "1"]
[White "Kovalev, Vladislav"]
[Black "Viikmaa, Karmen"]
[Result "1-0"]
[WhiteElo "2639"]
[BlackElo "1690"]
[PlyCount "23"]
[EventDate "2018.01.13"]
[EventType "swiss (rapid)"]
[EventRounds "11"]
[EventCountry "EST"]
[SourceTitle "CBM 182 Extra"]
[Source "ChessBase"]
[SourceDate "2018.02.23"]
[SourceVersion "1"]
[SourceVersionDate "2018.02.23"]
[SourceQuality "1"]

1. d4 Nf6 2. Bf4 g6 3. Nc3 Bg7 4. e4 d6 5. Qd2 c5 6. dxc5 dxc5 7. Qxd8+ Kxd8 8. 0-0-0+ Ke8 9. e5 Nh5 10. Nd5 Kf8 11. Nc7 Nxf4 12. Rd8# 1-0

[Event "EST-ch (Women)"]
[Site "Tallinn"]
[Date "2016.01.26"]
[Round "1"]
[White "Narva, Mai"]
[Black "Viikmaa, Karmen"]
[Result "1-0"]
[WhiteElo "2085"]
[BlackElo "1678"]
[PlyCount "95"]
[EventDate "2016.01.26"]
[EventType "tourn"]
[EventRounds "9"]
[EventCountry "EST"]
[SourceTitle "EXT 2017"]
[Source "ChessBase"]
[SourceDate "2016.10.25"]
[SourceVersion "1"]
[SourceVersionDate "2016.10.25"]
[SourceQuality "1"]

1. e4 c5 2. Nf3 Nc6 3. d4 cxd4 4. Nxd4 Qb6 5. Nb3 Nf6 6. Nc3 e6 7. a3 Be7 8. Be2 0-0 9. 0-0 Rd8 10. Nb5 Rf8 11. Bf4 e5 12. Be3 Qd8 13. Bf3 d6 14. c4 Be6 15. Qe2 Qd7 16. Rfd1 b6 17. Rac1 Rfd8 18. Na1 Qb7 19. b4 Rac8 20. Nc3 Bf8 21. Nb3 Ne7 22. Nd5 Nfxd5 23. exd5 Bd7 24. c5 bxc5 25. Na5 Qc7 26. Bxc5 Ba4 27. Be3 Bxd1 28. Qxd1 Qd7 29. Nc6 Re8 30. Nxa7 Rxc1 31. Qxc1 f5 32. Be2 Rb8 33. Nc6 Ra8 34. f3 Qb7 35. b5 Kh8 36. Bc4 Ra4 37. Qc3 Qa8 38. Bc1 Qb7 39. Qb3 Ra8 40. Be3 f4 41. Bf2 Nc8 42. a4 Nb6 43. a5 Nd7 44. a6 Qc8 45. b6 Rxa6 46. Bxa6 Qxa6 47. h3 Qb7 48. Qa4 1-0

[Event "Viljandi Raud Memorial 49th"]
[Site "Viljandi"]
[Date "2015.07.05"]
[Round "9"]
[White "Raudsepp, Teet"]
[Black "Viikmaa, Karmen"]
[Result "1-0"]
[WhiteElo "1775"]
[BlackElo "1692"]
[PlyCount "45"]
[EventDate "2015.06.29"]
[EventType "swiss"]
[EventRounds "9"]
[EventCountry "EST"]
[SourceTitle "CBM 167 Extra"]
[Source "ChessBase"]
[SourceDate "2015.09.14"]
[SourceVersion "1"]
[SourceVersionDate "2015.09.14"]
[SourceQuality "1"]

1. d4 Nf6 2. c4 e5 3. dxe5 Ng4 4. Nf3 Bc5 5. e3 Nc6 6. a3 a5 7. Qd5 Qe7 8. Nc3 Ngxe5 9. Be2 Nxf3+ 10. Qxf3 Ne5 11. Qg3 0-0 12. Nd5 Qd6 13. Bd2 c6 14. Bc3 Re8 15. Rd1 f6 16. Nb6 Nd3+ 17. Bxd3 Qxg3 18. hxg3 Bxb6 19. Bxh7+ Kf7 20. Kd2 g6 21. Rh6 Kg7 22. Rxg6+ Kxh7 23. Rg4 1-0

[Event "Viljandi Raud Memorial 49th"]
[Site "Viljandi"]
[Date "2015.06.29"]
[Round "1"]
[White "Shishkov, Andrei"]
[Black "Viikmaa, Karmen"]
[Result "1-0"]
[WhiteElo "2387"]
[BlackElo "1692"]
[PlyCount "129"]
[EventDate "2015.06.29"]
[EventType "swiss"]
[EventRounds "9"]
[EventCountry "EST"]
[SourceTitle "CBM 167 Extra"]
[Source "ChessBase"]
[SourceDate "2015.09.14"]
[SourceVersion "1"]
[SourceVersionDate "2015.09.14"]
[SourceQuality "1"]

1. d4 Nf6 2. c4 e5 3. dxe5 Ng4 4. Bf4 Bb4+ 5. Nd2 Nc6 6. Ngf3 Qe7 7. e3 Ngxe5 8. Nxe5 Nxe5 9. Be2 0-0 10. 0-0 Bxd2 11. Qxd2 d6 12. b4 Bf5 13. Rac1 Rad8 14. Rfd1 Rfe8 15. Bg3 Bg6 16. Qc3 Qe6 17. h3 f6 18. a3 Kh8 19. Rd2 a6 20. Rcd1 Bf7 21. Rd5 Qe7 22. R5d4 Nc6 23. R4d2 Ne5 24. Rc1 Rd7 25. Rcd1 Qe6 26. Rd4 Red8 27. Kh2 Nc6 28. R4d2 Ne5 29. c5 d5 30. f4 Nc6 31. Bg4 f5 32. Bf3 Ne7 33. Bh4 c6 34. Qd4 Re8 35. Rd3 Ng6 36. Be1 Nf8 37. Qb2 Qh6 38. Kg1 Rde7 39. Qf2 Bh5 40. Bc3 Bxf3 41. Qxf3 Nd7 42. g4 fxg4 43. hxg4 Re4 44. Bd4 Qe6 45. R3d2 Qf7 46. Rh2 Kg8 47. Kf2 R4e6 48. Rdh1 Nf8 49. f5 Re4 50. g5 Qc7 51. g6 Rxd4 52. exd4 Re4 53. Rh4 Rxh4 54. Rxh4 Qe7 55. Rg4 Nd7 56. Qe3 Qxe3+ 57. Kxe3 h6 58. Kf4 Kf8 59. Rg1 Nf6 60. a4 Ke7 61. b5 axb5 62. axb5 Ne4 63. bxc6 bxc6 64. Ra1 Nc3 65. Ra7+ 1-0

[Event "EST-ch U26"]
[Site "Tartu"]
[Date "2014.05.16"]
[Round "4"]
[White "Klein, Felix"]
[Black "Viikmaa, Karmen"]
[Result "1-0"]
[WhiteElo "2284"]
[BlackElo "1733"]
[PlyCount "67"]
[EventDate "2014.05.16"]
[EventType "swiss"]
[EventRounds "9"]
[EventCountry "EST"]
[SourceTitle "CBM 160 Extra"]
[Source "ChessBase"]
[SourceDate "2014.07.01"]
[SourceVersion "1"]
[SourceVersionDate "2014.07.01"]
[SourceQuality "1"]

1. e4 c5 2. Nf3 Nc6 3. Bb5 g6 4. d3 Bg7 5. Bxc6 dxc6 6. h3 Nf6 7. Nbd2 0-0 8. 0-0 b5 9. e5 Ne8 10. Ne4 Qc7 11. Bf4 c4 12. dxc4 bxc4 13. Qe2 Be6 14. Rad1 Qb6 15. c3 Nc7 16. Bc1 h6 17. Rfe1 Rad8 18. Be3 Qa5 19. Bc5 Rxd1 20. Rxd1 Nd5 21. Ba3 Nf4 22. Qd2 Bxe5 23. Bxe7 Rb8 24. Nxe5 Qxe5 25. Bf6 Qc7 26. Ng3 Kh7 27. Qe3 Nd5 28. Qe2 Qb7 29. Be5 Rd8 30. Ne4 Qe7 31. Rxd5 cxd5 32. Nf6+ Kg7 33. Nxd5+ Kf8 34. Nxe7 1-0

[Event "EST-ch (Women)"]
[Site "Tallinn"]
[Date "2014.05.02"]
[Round "5"]
[White "Viikmaa, Karmen"]
[Black "Narva, Regina R"]
[Result "1-0"]
[WhiteElo "1688"]
[BlackElo "2047"]
[PlyCount "113"]
[EventDate "2014.04.28"]
[EventType "tourn"]
[EventRounds "7"]
[EventCountry "EST"]
[SourceTitle "CBM 160 Extra"]
[Source "ChessBase"]
[SourceDate "2014.07.01"]
[SourceVersion "1"]
[SourceVersionDate "2014.07.01"]
[SourceQuality "1"]

1. Nf3 d5 2. g3 c6 3. Bg2 Bg4 4. h3 Bh5 5. 0-0 Nd7 6. d3 e5 7. Nbd2 Bd6 8. e4 Ne7 9. Qe1 f6 10. c3 Bf7 11. d4 h6 12. dxe5 fxe5 13. Qe2 Qb6 14. Rd1 0-0-0 15. Nc4 Qc7 16. Nxd6+ Qxd6 17. b4 Bg6 18. a4 Qf6 19. Nd2 Rhf8 20. Rf1 Qe6 21. a5 Nf6 22. Qe3 Kb8 23. f3 dxe4 24. fxe4 Rd7 25. Qe2 Rfd8 26. Nc4 Nh5 27. Kh2 Rd3 28. Rf8 Bf7 29. Rxd8+ Rxd8 30. Ne3 Qb3 31. Bb2 Nf6 32. a6 b6 33. Ra3 Qe6 34. c4 Bg6 35. Rd3 Rc8 36. Nf5 Nxf5 37. exf5 Bxf5 38. Bxe5+ Ka8 39. Re3 Nd7 40. Bxg7 Qg6 41. Bc3 Kb8 42. b5 cxb5 43. Qf3 Kc7 44. cxb5 Kd8 45. Bb4 Be6 46. Rd3 Qf5 47. Qe2 Rc4 48. Bd2 Rc2 49. Re3 Nc5 50. Qd1 Ke7 51. Rf3 Qg6 52. Bf4 Bxh3 53. Bd6+ Ke6 54. Re3+ Kf7 55. Kxh3 Ne6 56. Qf3+ Kg8 57. Bf4 1-0

[Event "EST-ch (Women)"]
[Site "Tallinn"]
[Date "2014.05.01"]
[Round "4"]
[White "Narva, Triin"]
[Black "Viikmaa, Karmen"]
[Result "1/2-1/2"]
[WhiteElo "2080"]
[BlackElo "1688"]
[PlyCount "88"]
[EventDate "2014.04.28"]
[EventType "tourn"]
[EventRounds "7"]
[EventCountry "EST"]
[SourceTitle "CBM 160 Extra"]
[Source "ChessBase"]
[SourceDate "2014.07.01"]
[SourceVersion "1"]
[SourceVersionDate "2014.07.01"]
[SourceQuality "1"]

1. e4 c5 2. Nf3 Nc6 3. Bb5 g6 4. 0-0 Bg7 5. c3 Nf6 6. Qe2 a6 7. Bxc6 dxc6 8. d4 cxd4 9. cxd4 0-0 10. Nc3 Bg4 11. Be3 b5 12. h3 Be6 13. Qc2 Rc8 14. Rfd1 Qc7 15. Rac1 Rfd8 16. Ng5 Bd7 17. e5 Ne8 18. Qb3 e6 19. f4 Bf8 20. Nce4 h6 21. Nf3 Be7 22. g4 f5 23. Nc5 Bxc5 24. Rxc5 Qb7 25. Nh4 Kh7 26. gxf5 gxf5 27. Nxf5 exf5 28. Qf7+ Ng7 29. e6 Rc7 30. exd7 Rcxd7 31. Qf6 Rd6 32. Qh4 Rg8 33. Kf2 Rg6 34. Re5 Re8 35. Rg1 Rxg1 36. Kxg1 Qf7 37. Bd2 Re6 38. a3 Rg6+ 39. Kf2 Qb3 40. Bc3 Qc2+ 41. Re2 Qc1 42. Re1 Qc2+ 43. Re2 Qd1 44. Re1 Qc2+ 1/2-1/2

[Event "Puhajarve rap op 14th"]
[Site "Puhajarve"]
[Date "2013.11.30"]
[Round "17"]
[White "Viikmaa, Karmen"]
[Black "Georgiev, Kiril"]
[Result "0-1"]
[WhiteElo "1669"]
[BlackElo "2648"]
[PlyCount "82"]
[EventDate "2013.11.29"]
[EventType "tourn (rapid)"]
[EventRounds "35"]
[EventCountry "EST"]
[SourceTitle "CBM 157 Extra"]
[Source "ChessBase"]
[SourceDate "2013.12.19"]
[SourceVersion "1"]
[SourceVersionDate "2013.12.19"]
[SourceQuality "1"]

1. Nf3 d5 2. g3 Nf6 3. Bg2 g6 4. 0-0 Bg7 5. d3 0-0 6. Nbd2 Nc6 7. e4 e5 8. exd5 Nxd5 9. Re1 Re8 10. Nc4 Nb6 11. Bg5 f6 12. Nxb6 axb6 13. Bd2 Be6 14. a3 Qd7 15. Bc3 Rad8 16. Nd2 Bg4 17. Bf3 Bh3 18. Ne4 Ne7 19. Qe2 Nd5 20. Bd2 c6 21. Nc3 b5 22. Nxd5 cxd5 23. Bb4 f5 24. Bg2 Bxg2 25. Kxg2 e4 26. Rad1 Qc6 27. Kg1 Bxb2 28. dxe4 fxe4 29. c4 Bf6 30. cxd5 Rxd5 31. Rc1 Qe6 32. Rc7 b6 33. Rec1 Bd4 34. R7c6 Qf5 35. Rc7 e3 36. f4 Qe4 37. Rc8 Rdd8 38. Rxd8 Rxd8 39. Qa2+ Kg7 40. Rc7+ Kh6 41. Qf7 e2# 0-1